Eurowizja 2025 - wyniki - Statystyki

Ogólne statystyki
  • Ten quiz został rozwiązany 395 razy
  • Średni wynik to 18 z 26
Statystyki odpowiedzi
Miejsce Ilość punktów Odpowiedź % Poprawnych
1 436 Austria
100%
2 357 Izrael
96%
3 356 Estonia
91%
4 321 Szwecja
88%
14 156 Polska
86%
15 151 Niemcy
80%
5 256 Włochy
80%
26 27 San Marino
76%
25 33 Islandia
73%
7 230 Francja
72%
6 231 Grecja
71%
18 89 Norwegia
69%
10 214 Szwajcaria
69%
11 196 Finlandia
68%
9 218 Ukraina
67%
24 37 Hiszpania
66%
13 158 Łotwa
66%
8 218 Albania
63%
23 47 Dania
62%
19 88 Wielka Brytania
62%
16 96 Litwa
61%
12 175 Holandia
58%
22 47 Luksemburg
56%
21 50 Portugalia
55%
17 91 Malta
54%
20 72 Armenia
52%
Nie znaleziono quizów pasujących do podanych kryteriów
Rozkład punktacji
Procent ludzi z każdym wynikiem
Percentyl według liczby udzielonych odpowiedzi
Twoja historia wyników
Nie rozwiązałeś tego quizu